Top 20 valeurs marchandes: Première league 2023/2024 - Statistiques

Statistiques générales
  • Ce quiz a été pris 992 fois
  • Le résultat moyen est 13 sur 20
Statistiques - réponses
Valeur(millions) Joueur Club % Correct
180 Haaland Man.city
99%
120 Saka Arsenal
93%
110 Foden Man.city
85%
70 De bruyne Man.city
82%
90 Odegaard Arsenal
79%
90 Rodri Man.city
76%
90 Rice Arsenal
74%
80 Dias Man.city
67%
80 Martinelli Arsenal
65%
80 Silva Man.city
63%
75 Grealish Man.city
62%
75 Jesus Arsenal
60%
70 Isak Newcastle
59%
80 Rashford Man.united
59%
75 Gvardiol Man.city
46%
80 Fernandez Chelsea
45%
75 Caicedo Chelsea
44%
75 Diaz Liverpool
40%
80 Nkunku Chelsea
40%
75 Fernandes Chelsea
38%
Aucun quiz correspondant
Distribution des résultats
% des personnes avec chaque résultat
Percentile par nombre de réponses
Votre historique - résultats
Vous n’avez pas pris ce quiz